| 000 | 00528nam a2200193Ia 4500 | ||
|---|---|---|---|
| 003 | GCL | ||
| 008 | 140319s9999 xx 000 0 eng d | ||
| 040 |
_aGCL / _cGCL |
||
| 082 | 0 | 4 |
_a355.823 _bF E |
| 100 | 1 | _aELGOOD ROBERT | |
| 245 | 1 | 0 |
_aFIREARMS OF THE ISLAMIC WORLD IN THE TAREQ RAJAB MUSEUM, KUWAIT / _cELGOOD ROBERT |
| 260 |
_a[S.N] : _bI. B. TOURIS & CO. LTD ، _c1995 |
||
| 300 | _a240 P | ||
| 650 | 0 | 4 | _aARMY - FIREARMS |
| 650 | 0 | 4 | _aWEAPONS |
| 650 | 0 | 4 | _aMILITARY SCIENCE |
| 650 | 0 | 4 | _aFIREARMS |
| 942 |
_2ddc _cBK |
||
| 999 |
_c14379 _d14379 |
||